000 00203 a2200097 4500
001 46770
100 _aJackson R
245 _aBomber
260 _aNew York
_bSt martins press
_c
090 _c29864
_d29864
942 _aNUST-CAE
_cM
_c22073
999 _c281843
_d281843